Libro de actas de la Asociación Nacional del Magisterio Primario (Record no. 188672)

MARC details
000 -LEADER
campo de control de longitud fija 00769ntm a2200217 i 4500
001 - NÚMERO DE CONTROL
campo de control 188672
003 - IDENTIFICADOR DE NÚMERO DE CONTROL
campo de control SpMaBN
005 - FECHA Y HORA DE LA ÚLTIMA TRANSACCIÓN
campo de control 20240518063047.0
008 - DATOS DE LONGITUD FIJA--INFORMACIÓN GENERAL
campo de control de longitud fija 190121s1910 sp |||| | spa d
040 ## - FUENTE DE CATALOGACIÓN
Centro/agencia transcriptor SpMaBN
110 2# - ENTRADA PRINCIPAL--NOMBRE DE ENTIDAD CORPORATIVA
Nombre de entidad corporativa o nombre de jurisdicción como elemento de entrada Asociación Nacional del Magisterio Primario (España)
9 (RLIN) 166028
245 10 - MENCIÓN DEL TÍTULO
Título Libro de actas de la Asociación Nacional del Magisterio Primario
Medio [Manuscrito] :
Resto del título 1º mayo 1907 a 16 julio 1910.
260 ## - PUBLICACIÓN, DISTRIBUCIÓN, ETC.
Lugar de publicación, distribución, etc. Madrid :
Nombre del editor, distribuidor, etc. [s.n.,
Fecha de publicación, distribución, etc. 1910]
300 ## - DESCRIPCIÓN FÍSICA
Extensión 199 p. ;
Dimensiones 32 cm.
594 ## - NOTA AL TITULO Y MENCION DE RESPONSABILIDAD
Nota al título y mención de responsabilidad En lomo: Libro n. 2.
610 24 - PUNTO DE ACCESO ADICIONAL DE MATERIA--NOMBRE DE ENTIDAD CORPORATIVA
Nombre de entidad corporativa o nombre de jurisdicción como elemento de entrada Asociación Nacional del Magisterio Primario (España)
9 (RLIN) 166028
852 ## - LOCALIZACIÓN
Ubicación ES-MaACL
Ubicación en estantería Depósito folletos
Número de control de estantería 1821-F-29
Encuadernación Cartoné
942 ## - ELEMENTOS DE ENTRADA SECUNDARIOS (KOHA)
Tipo de ítem Koha Manuscrito
Suprimir en OPAC No
Holdings
Estatus retirado Estado de pérdida Fuente del sistema de clasificación o colocación Estado de daño No para préstamo Colección Biblioteca de origen Biblioteca actual Ubicación en estantería Fecha de adquisición Total de préstamos Signatura topográfica completa Código de barras Visto por última vez Tipo de ítem Koha
    Clasificación decimal universal     Manuscritos Biblioteca del Ateneo de Madrid Biblioteca del Ateneo de Madrid Depósito folletos 21/01/2019   1821-F-29 1199676 23/02/2023 Manuscrito